Determinants of Insurance Industry Development in Transition Economies: Empirical Analysis of Visegrad Group Data
Odlišnosť faktorov, ovplyvňujúcich vývoj poistného priemyslu v transformujúcich a rozvinutých ekonomikách, predovšetkým miera inflácie, miera závislosti od veku, stupňa urbanizácie, systému sociálnej bezpečnosti a stupňa kriminality.
Salvato in:
| Autore principale: | |
|---|---|
| Altri autori: | , |
| Natura: | Capitolo di libro |
| Lingua: | inglese |
| Soggetti: | |
| Tags: |
Nessun Tag, puoi essere il primo ad aggiungerne!!
|
MARC
| LEADER | 00000nla a2200000 4500 | ||
|---|---|---|---|
| 001 | 0192078 | ||
| 005 | 20260206093247.4 | ||
| 041 | 0 | |a eng | |
| 044 | |a CH | ||
| 245 | 1 | 0 | |a Determinants of Insurance Industry Development in Transition Economies: Empirical Analysis of Visegrad Group Data |c Zuzana Brokešová, Erika Pastoráková, Tomáš Ondruška |
| 520 | |a Odlišnosť faktorov, ovplyvňujúcich vývoj poistného priemyslu v transformujúcich a rozvinutých ekonomikách, predovšetkým miera inflácie, miera závislosti od veku, stupňa urbanizácie, systému sociálnej bezpečnosti a stupňa kriminality. | ||
| 610 | 2 | 0 | |a poistenie sociálne |
| 610 | 2 | 0 | |a poistenie životné |
| 610 | 2 | 0 | |a poisťovníctvo |
| 610 | 2 | 0 | |a trh poistný |
| 610 | 2 | 0 | |a Vyšehradská štvorka |
| 610 | 2 | 0 | |a analýza empirická |
| 100 | 1 | |a Brokešová, Zuzana, 1985- | |
| 700 | 1 | |a Pastoráková, Erika, 1972- | |
| 700 | 1 | |a Ondruška, Tomáš, 1988- | |